Guess the 1960s song lyrics #263 - Statistics

General Stats
  • This quiz has been taken 19 times
  • The average score is 122 of 215
Answer Stats
Answer % Correct
you
94%
I
88%
a
81%
So
81%
And
75%
and
75%
be
75%
it
75%
to
75%
I'm
69%
man
69%
on
69%
when
69%
When
69%
your
69%
at
63%
can't
63%
get
63%
Good
63%
in
63%
love
63%
no
63%
the
63%
got
56%
ha
56%
I'll
56%
oh
56%
That
56%
yeah
56%
Yeah
56%
you're
56%
all
50%
day
50%
Give
50%
how
50%
soul
50%
Soul
50%
up
50%
could
44%
don't
44%
now
44%
only
44%
something
44%
stop
44%
cause
38%
Cause
38%
every
38%
lovin
38%
nothing
38%
road
38%
what
38%
before
31%
come
31%
Comin
31%
dusty
31%
make
31%
start
31%
That's
31%
was
31%
yes
31%
about
25%
ain't
25%
am
25%
educated
25%
load
25%
look
25%
play
25%
Sam and Dave
25%
seen
25%
Steve
25%
truck
25%
Woodstock
25%
better
19%
boyfriend
19%
brought
19%
coming
19%
each
19%
hope
19%
learned
19%
pull
19%
tell
19%
wanna
19%
worry
19%
yet
19%
eat
13%
fret
13%
hard
13%
honey
13%
rope
13%
side
13%
street
13%
way
13%
Grab
6%
listen
6%
lord
6%
talkin
6%
No matching quizzes found
Score Distribution
Percent of People with Each Score
Percentile by Number Answered
Your Score History
You have not taken this quiz